Normal view
MARC view
Entry Personal Name
001 - CONTROL NUMBER
- control field: 1110
003 - CONTROL NUMBER IDENTIFIER
- control field: BD-DhUIB
005 - DATE AND TIME OF LATEST TRANSACTION
- control field: 20260513172048.0
008 - FIXED-LENGTH DATA ELEMENTS
- fixed length control field: 260513|| aca||aabn | a|a d
040 ## - CATALOGING SOURCE
- Original cataloging agency: BD-DhUIB
- Transcribing agency: BD-DhUIB
100 ## - HEADING--PERSONAL NAME
- Personal name: Sasakawa, Yohei
670 ## - SOURCE DATA FOUND
- Source citation: Work cat.: (BD-DhUIB)696: Sasakawa, Yohei., Making the impossible possible :, c1988.
